Quién es quién en España
Descripción Física:
19 cm
Otros Autores:
Campillo Alonso, José Luis, ed
Materias:
Espanya -- Directoris
MARC
| LEADER | 00000nam a2200000Ia 4500 | ||
|---|---|---|---|
| 001 | 5675, 5676 | ||
| 008 | 160829s9999 xx 000 0 cat d | ||
| 080 | |a O-1-95, O-1-96 | ||
| 245 | |a Quién es quién en España | ||
| 260 | |a Madrid : |b [s.n.] | ||
| 300 | |a 19 cm | ||
| 650 | |a Espanya |x Directoris |9 31583 | ||
| 700 | |a Campillo Alonso, José Luis, ed. |9 26473 | ||
| 866 | |a 1985 (Editorial Elías González Vera), 1986 (Recopilado por José Luis Campillo Alonso) | ||
| 901 | |a Arxiu | ||
| 942 | |n 1 | ||
| 952 | |0 0 |1 0 |4 0 |6 O195_O196 |7 1 |9 43993 |a Arxiu |b Arxiu |d 2016-12-01 |l 0 |o O-1-95, O-1-96 |p 5675, 5676 |r 2016-12-01 00:00:00 |w 2016-12-01 |y ARXIU | ||
| 999 | |c 46573 |d 46573 | ||